<?xml version="1.0" encoding="UTF-8"?>
<record
    xmlns:xsi="http://www.w3.org/2001/XMLSchema-instance"
    xsi:schemaLocation="http://www.loc.gov/MARC21/slim http://www.loc.gov/standards/marcxml/schema/MARC21slim.xsd"
    xmlns="http://www.loc.gov/MARC21/slim">

  <leader>01235nam a22002657a 4500</leader>
  <controlfield tag="005">20180205140940.0</controlfield>
  <controlfield tag="008">131126b        xxu||||| |||| 00| 0 eng d</controlfield>
  <datafield tag="010" ind1=" " ind2=" ">
    <subfield code="a">PUN-7738         B-577407-410       B-669853</subfield>
  </datafield>
  <datafield tag="020" ind1=" " ind2=" ">
    <subfield code="c">300.00</subfield>
    <subfield code="a">9789382246473</subfield>
  </datafield>
  <datafield tag="035" ind1=" " ind2=" ">
    <subfield code="a">PN-6856         B-577407-410</subfield>
  </datafield>
  <datafield tag="035" ind1=" " ind2=" ">
    <subfield code="a">B-669853</subfield>
  </datafield>
  <datafield tag="037" ind1=" " ind2=" ">
    <subfield code="b">DBAD / PUB/Unistar Books</subfield>
  </datafield>
  <datafield tag="037" ind1=" " ind2=" ">
    <subfield code="b">star publications/ven</subfield>
  </datafield>
  <datafield tag="040" ind1=" " ind2=" ">
    <subfield code="a">dpl</subfield>
    <subfield code="b">pn</subfield>
  </datafield>
  <datafield tag="082" ind1=" " ind2=" ">
    <subfield code="a">307</subfield>
  </datafield>
  <datafield tag="100" ind1=" " ind2=" ">
    <subfield code="a">&#xA1C;&#xA48;&#xA28;, &#xA05;&#xA30;&#xA35;&#xA3F;&#xA70;&#xA26;</subfield>
  </datafield>
  <datafield tag="245" ind1=" " ind2=" ">
    <subfield code="a">&#xA14;&#xA30;&#xA24; &#xA39;&#xA4B;&#xA23; &#xA26;&#xA40; &#xA38;&#xA1C;&#xA3C;&#xA3E; /</subfield>
    <subfield code="c">&#xA05;&#xA30;&#xA35;&#xA3F;&#xA70;&#xA26; &#xA1C;&#xA48;&#xA28;,&#xA05;&#xA2E;&#xA30;&#xA1C;&#xA40;&#xA24; &#xA18;&#xA41;&#xA2E;&#xA23; &#xA26;&#xA4D;&#xA35;&#xA3E;&#xA30;&#xA3E; &#xA05;&#xA28;&#xA41;&#xA26;&#xA3F;&#xA24;</subfield>
  </datafield>
  <datafield tag="246" ind1=" " ind2=" ">
    <subfield code="a">Aurat hon di sazaa</subfield>
    <subfield code="b">by Arvind Jain</subfield>
  </datafield>
  <datafield tag="260" ind1=" " ind2=" ">
    <subfield code="a">Chandigarh</subfield>
    <subfield code="b">Unistar Books</subfield>
    <subfield code="c">2012</subfield>
  </datafield>
  <datafield tag="270" ind1=" " ind2=" ">
    <subfield code="b">Chandigarh</subfield>
    <subfield code="a">sco-26-27, sector-34 A</subfield>
    <subfield code="k">0172-5077427- 9815471219</subfield>
    <subfield code="e">160022</subfield>
  </datafield>
  <datafield tag="300" ind1="4" ind2=" ">
    <subfield code="a">316p.</subfield>
    <subfield code="c">22&#xA38;&#xA47;&#xA02;&#xA2E;&#xA40; (&#xA38;&#xA1C;&#xA3F;&#xA32;&#xA71;&#xA26;)</subfield>
  </datafield>
  <datafield tag="942" ind1=" " ind2=" ">
    <subfield code="2">ddc</subfield>
    <subfield code="c">PN</subfield>
    <subfield code="h">307</subfield>
    <subfield code="m">&#xA1C;&#xA48;&#xA28;&#xA05;</subfield>
  </datafield>
  <datafield tag="999" ind1=" " ind2=" ">
    <subfield code="c">80910</subfield>
    <subfield code="d">80910</subfield>
  </datafield>
  <datafield tag="952" ind1=" " ind2=" ">
    <subfield code="0">0</subfield>
    <subfield code="1">0</subfield>
    <subfield code="2">ddc</subfield>
    <subfield code="4">0</subfield>
    <subfield code="7">0</subfield>
    <subfield code="8">NFIC</subfield>
    <subfield code="a">DBAD</subfield>
    <subfield code="b">DBAD</subfield>
    <subfield code="d">2013-11-28</subfield>
    <subfield code="e">DBAD</subfield>
    <subfield code="g">300.00</subfield>
    <subfield code="l">0</subfield>
    <subfield code="o">307 &#xA1C;&#xA48;&#xA28;&#xA05;</subfield>
    <subfield code="p">PN-6856</subfield>
    <subfield code="r">2013-11-28 00:00:00</subfield>
    <subfield code="t">1</subfield>
    <subfield code="v">300.00</subfield>
    <subfield code="w">2013-11-28</subfield>
    <subfield code="y">PN</subfield>
  </datafield>
  <datafield tag="952" ind1=" " ind2=" ">
    <subfield code="0">0</subfield>
    <subfield code="1">0</subfield>
    <subfield code="2">ddc</subfield>
    <subfield code="4">0</subfield>
    <subfield code="7">0</subfield>
    <subfield code="8">NFIC</subfield>
    <subfield code="a">L</subfield>
    <subfield code="b">L</subfield>
    <subfield code="d">2014-10-29</subfield>
    <subfield code="e">BPPD/164/27.8.14/3624/4.9.14</subfield>
    <subfield code="g">300.00</subfield>
    <subfield code="l">1</subfield>
    <subfield code="o">307 &#xA1C;&#xA48;&#xA28;&#xA05;</subfield>
    <subfield code="p">B-577407</subfield>
    <subfield code="r">2023-11-14 00:00:00</subfield>
    <subfield code="s">2023-10-28</subfield>
    <subfield code="t">1</subfield>
    <subfield code="v">300.00</subfield>
    <subfield code="w">2014-10-29</subfield>
    <subfield code="y">PN</subfield>
  </datafield>
  <datafield tag="952" ind1=" " ind2=" ">
    <subfield code="0">0</subfield>
    <subfield code="1">0</subfield>
    <subfield code="2">ddc</subfield>
    <subfield code="4">0</subfield>
    <subfield code="7">0</subfield>
    <subfield code="8">NFIC</subfield>
    <subfield code="a">BL1</subfield>
    <subfield code="b">BL1</subfield>
    <subfield code="d">2014-10-29</subfield>
    <subfield code="e">BPPD/164/27.8.14/3624/4.9.14</subfield>
    <subfield code="g">300.00</subfield>
    <subfield code="l">0</subfield>
    <subfield code="o">307 &#xA1C;&#xA48;&#xA28;&#xA05;</subfield>
    <subfield code="p">B-577408</subfield>
    <subfield code="r">2014-10-29 00:00:00</subfield>
    <subfield code="t">1</subfield>
    <subfield code="v">300.00</subfield>
    <subfield code="y">PN</subfield>
  </datafield>
  <datafield tag="952" ind1=" " ind2=" ">
    <subfield code="0">0</subfield>
    <subfield code="1">0</subfield>
    <subfield code="2">ddc</subfield>
    <subfield code="4">0</subfield>
    <subfield code="7">0</subfield>
    <subfield code="8">NFIC</subfield>
    <subfield code="a">JP</subfield>
    <subfield code="b">JP</subfield>
    <subfield code="d">2014-10-29</subfield>
    <subfield code="e">BPPD/164/27.8.14/3624/4.9.14</subfield>
    <subfield code="g">300.00</subfield>
    <subfield code="l">0</subfield>
    <subfield code="o">307 &#xA1C;&#xA48;&#xA28;&#xA05;</subfield>
    <subfield code="p">B-577409</subfield>
    <subfield code="r">2014-10-29 00:00:00</subfield>
    <subfield code="t">1</subfield>
    <subfield code="v">300.00</subfield>
    <subfield code="y">PN</subfield>
  </datafield>
  <datafield tag="952" ind1=" " ind2=" ">
    <subfield code="0">0</subfield>
    <subfield code="1">0</subfield>
    <subfield code="2">ddc</subfield>
    <subfield code="4">0</subfield>
    <subfield code="7">0</subfield>
    <subfield code="8">NFIC</subfield>
    <subfield code="a">VP</subfield>
    <subfield code="b">VP</subfield>
    <subfield code="d">2014-10-29</subfield>
    <subfield code="e">BPPD/164/27.8.14/3624/4.9.14</subfield>
    <subfield code="g">300.00</subfield>
    <subfield code="l">0</subfield>
    <subfield code="o">307 &#xA1C;&#xA48;&#xA28;&#xA05;</subfield>
    <subfield code="p">B-577410</subfield>
    <subfield code="r">2014-10-29 00:00:00</subfield>
    <subfield code="t">1</subfield>
    <subfield code="v">300.00</subfield>
    <subfield code="y">PN</subfield>
  </datafield>
  <datafield tag="952" ind1=" " ind2=" ">
    <subfield code="0">0</subfield>
    <subfield code="1">0</subfield>
    <subfield code="2">ddc</subfield>
    <subfield code="4">0</subfield>
    <subfield code="7">0</subfield>
    <subfield code="8">NFIC</subfield>
    <subfield code="a">AV</subfield>
    <subfield code="b">AV</subfield>
    <subfield code="d">2018-02-02</subfield>
    <subfield code="e">BPPD/SP/2256/27.2.2017/AV/16-17/16.2.2017/24.3.2017</subfield>
    <subfield code="g">300.00</subfield>
    <subfield code="l">0</subfield>
    <subfield code="o">307 &#xA1C;&#xA48;&#xA28;&#xA05;</subfield>
    <subfield code="p">B-669853</subfield>
    <subfield code="r">2018-02-02 00:00:00</subfield>
    <subfield code="t">1</subfield>
    <subfield code="v">300.00</subfield>
    <subfield code="y">PN</subfield>
  </datafield>
</record>
